书目信息 |
| 题名: |
智能物流
|
|
| 作者: | 李蔚田 , 神会存 主编 | |
| 分册: | ||
| 出版信息: | 北京 北京大学出版社 2013 |
|
| 页数: | 361页 | |
| 开本: | 26cm | |
| 丛书名: | ||
| 单 册: | ||
| 中图分类: | F252.1 | |
| 科图分类: | ||
| 主题词: | 物流--物资管理--智能系统--高等学校--教材 , 物流 , 物资管理 , 智能技术 | |
| 电子资源: | ||
| ISBN: | 978-7-301-22036-8 | |
| 000 | 01159nam0 2200289 450 | |
| 001 | 523 | |
| 005 | 20140908165008.60 | |
| 010 | @a978-7-301-22036-8@dCNY45.00 | |
| 100 | @a20130423d2013 em y0chiy50 ea | |
| 101 | 0 | @achi |
| 102 | @aCN@b110000 | |
| 105 | @ay z 000yy | |
| 106 | @ar | |
| 200 | 1 | @a智能物流@AZhi Neng Wu Liu@f李蔚田,神会存主编@FLi Wei Tian, Shen Hui Cun Zhu Bian |
| 210 | @a北京@c北京大学出版社@d2013 | |
| 215 | @a361页@d26cm | |
| 300 | @a21世纪全国高等院校物流专业创新型应用人才培养规划教材 | |
| 330 | @a本书共13章,介绍了智能物流的关键技术,对智能物流的应用以案例和典型范例的形式做了详细的解读,尽可能将国外的先进理论、方法和实践经验与实际需要紧密联系起来;针对创新型人才的培养目标,系统介绍了智能物流的理论构架,包括它的含义、性质、特点、职能、基本内容、形成发展、环境因素、基本原理、基础理论、应用和实践等问题。 | |
| 606 | 0 | @a物流@x物资管理@x智能系统@x高等学校@j教材 |
| 606 | 0 | @a物流 |
| 606 | 0 | @a物资管理 |
| 606 | 0 | @a智能技术 |
| 690 | @aF252.1@v5 | |
| 701 | 0 | @a李蔚田@ALi Wei Tian@f(1956~)@4主编 |
| 701 | 0 | @a神会存@AShen Hui Cun@4主编 |
| 801 | 0 | @aCN@bTANGWEI@c20140603 |
| 905 | @b0842165-67@dF252.1@e198@f3 | |
| 智能物流/李蔚田,神会存主编.-北京:北京大学出版社,2013 |
| 361页;26cm |
| 21世纪全国高等院校物流专业创新型应用人才培养规划教材 |
| ISBN 978-7-301-22036-8:CNY45.00 |
| 本书共13章,介绍了智能物流的关键技术,对智能物流的应用以案例和典型范例的形式做了详细的解读,尽可能将国外的先进理论、方法和实践经验与实际需要紧密联系起来;针对创新型人才的培养目标,系统介绍了智能物流的理论构架,包括它的含义、性质、特点、职能、基本内容、形成发展、环境因素、基本原理、基础理论、应用和实践等问题。 |
| ● |
| 相关链接 |
|
|
|
|
正题名:智能物流
索取号:F252.1/198
 
预约/预借
| 序号 | 登录号 | 条形码 | 馆藏地/架位号 | 状态 | 备注 |
| 1 | 0842165 | 208421652 | 第一样本阅览室/ [索取号:F252.1/198] | 在馆 | |
| 2 | 0842166 | 208421661 | 第一借阅区/ [索取号:F252.1/198] | 在馆 | |
| 3 | 0842167 | 208421670 | 密集书库-海洋学院/ [索取号:F252.1/198] | 在馆 |